Normal view
MARC view
- Verma
Entry Personal Name
001 - CONTROL NUMBER
- control field: 86008
003 - CONTROL NUMBER IDENTIFIER
- control field: NUST
005 - DATE AND TIME OF LATEST TRANSACTION
- control field: 20211208100559.0
008 - FIXED-LENGTH DATA ELEMENTS
- fixed length control field: 211208|| aca||aabn | a|a d
040 ## - CATALOGING SOURCE
- Original cataloging agency: NUST
- Transcribing agency: NUST
100 ## - HEADING--PERSONAL NAME
- Personal name: Verma
670 ## - SOURCE DATA FOUND
- Source citation: Work cat.: (NUST)32428: Verma, Industrial Engineering & Management, 2010.
